[Event "LSS CP-2007-Q-00012"]
[Site "LSS email"]
[Date "2009.01.15"]
[Round "?"]
[White "Sarosy, Zoltan L"]
[Black "Schiller, Wilfried"]
[Result "0-1"]
[WhiteElo "2049"]
[BlackElo "2206"]
[PlyCount "62"]
[EventDate "2009.01.15"]
[EventType "tourn (corr)"]
[EventRounds "6"]
[EventCountry "GER"]
[SourceTitle "Corr 2011"]
[Source "ChessBase"]
[SourceDate "2010.08.31"]
[SourceVersion "1"]
[SourceVersionDate "2010.08.31"]
[SourceQuality "1"]

1. Nf3 d5 2. g3 Nf6 3. Bg2 g6 4. c4 Bg7 5. cxd5 Nxd5 6. 0-0 Nc6 7. Nc3 0-0 8. d4 Nb6 9. d5 Na5 10. e4 c6 11. Bg5 h6 12. Bf4 Nac4 13. Qe2 g5 14. Bc1 Bg4 15. Rd1 Qc8 16. dxc6 bxc6 17. a4 Ne5 18. a5 Nbc4 19. Ra4 Nd6 20. Be3 Qe6 21. h3 Nxf3+ 22. Bxf3 Bxf3 23. Qxf3 Rfb8 24. Qe2 Qxh3 25. Bd4 Qe6 26. Rd2 Rb3 27. e5 Nf5 28. a6 Rbb8 29. Ra5 Rd8 30. Qe4 Qc8 31. b4 e6 0-1

[Event "LSS OP-2008-0-00525"]
[Site "LSS email"]
[Date "2008.04.20"]
[Round "?"]
[White "Grego, Luis Jose Gonzaga"]
[Black "Sarosy, Zoltan L"]
[Result "0-1"]
[WhiteElo "1980"]
[BlackElo "2130"]
[PlyCount "64"]
[EventDate "2008.04.18"]
[EventType "tourn (corr)"]
[EventRounds "4"]
[EventCountry "GER"]
[SourceTitle "Corr 2011"]
[Source "ChessBase"]
[SourceDate "2010.08.31"]
[SourceVersion "1"]
[SourceVersionDate "2010.08.31"]
[SourceQuality "1"]

1. e4 c5 2. Nf3 g6 3. d4 Bg7 4. Nc3 cxd4 5. Nxd4 Nc6 6. Be3 Nf6 7. Bc4 0-0 8. Bb3 d6 9. f3 Bd7 10. Qd2 Na5 11. 0-0-0 Nxb3+ 12. cxb3 Qa5 13. Kb1 Rfc8 14. g4 Rab8 15. h4 b5 16. h5 b4 17. Nce2 Rc7 18. hxg6 fxg6 19. Ng3 Ne8 20. Qh2 Kf7 21. Qxh7 Nf6 22. Qh2 Rb6 23. Bd2 Qe5 24. Bh6 Bxh6 25. Qxh6 Qxg3 26. g5 Ng8 27. Qh7+ Kf8 28. Qxg6 d5 29. Qh7 Qe5 30. g6 Be8 31. Rh5 Qg7 32. Rxd5 Nf6 0-1

[Event "LSS OP-2008-0-00525"]
[Site "LSS email"]
[Date "2008.04.20"]
[Round "?"]
[White "Laine, Jari"]
[Black "Sarosy, Zoltan L"]
[Result "1/2-1/2"]
[WhiteElo "1619"]
[BlackElo "2040"]
[PlyCount "84"]
[EventDate "2008.04.18"]
[EventType "tourn (corr)"]
[EventRounds "4"]
[EventCountry "GER"]
[SourceTitle "Corr 2013"]
[Source "ChessBase"]
[SourceDate "2012.11.12"]
[SourceVersion "1"]
[SourceVersionDate "2012.11.12"]
[SourceQuality "1"]

1. e4 c5 2. Nc3 Nc6 3. g3 g6 4. Bg2 Bg7 5. d3 d6 6. f4 e6 7. Nf3 Nge7 8. 0-0 0-0 9. Be3 b6 10. d4 d5 11. exd5 Nf5 12. Bf2 Ncxd4 13. Ne5 exd5 14. Nxd5 Be6 15. c4 Rc8 16. Re1 b5 17. b3 Re8 18. Rc1 h5 19. h3 bxc4 20. bxc4 Rb8 21. Qd2 Rb7 22. Kf1 Qb8 23. Nd3 Qc8 24. Qa5 Bxd5 25. Bxd5 Rbe7 26. g4 hxg4 27. hxg4 Ne3+ 28. Bxe3 Rxe3 29. Qxa7 Rxe1+ 30. Rxe1 Rxe1+ 31. Nxe1 Qxg4 32. Qxf7+ Kh7 33. Qe8 Qxf4+ 34. Kg1 Qg3+ 35. Kf1 Qf4+ 36. Kg1 Qc1 37. Bg8+ Kh6 38. Qe4 Bf6 39. Qh1+ Kg5 40. Qe4 Nf5 41. Be6 Bd4+ 42. Kh2 Qf4+ 1/2-1/2

[Event "IECG WC.2011.P.00004 email"]
[Site "IECG email"]
[Date "2007.04.04"]
[Round "?"]
[White "Shutov, Andry"]
[Black "Sarosy, Zoltan L"]
[Result "1-0"]
[WhiteElo "1865"]
[BlackElo "2100"]
[PlyCount "105"]
[EventDate "2007.04.04"]
[EventType "tourn (corr)"]
[EventRounds "6"]
[SourceTitle "Corr 2011"]
[Source "ChessBase"]
[SourceDate "2010.08.31"]
[SourceVersion "1"]
[SourceVersionDate "2010.08.31"]
[SourceQuality "1"]

1. e4 c5 2. c3 Nf6 3. e5 Nd5 4. Nf3 Nc6 5. d4 cxd4 6. Bc4 e6 7. cxd4 d6 8. 0-0 Be7 9. Qe2 0-0 10. Nc3 Nxc3 11. bxc3 dxe5 12. dxe5 Qa5 13. Bd2 Qc7 14. Bd3 b6 15. Qe4 g6 16. Bh6 Rd8 17. Bb5 Bb7 18. Qf4 Rd5 19. Bc4 Rc5 20. Rfe1 Nd8 21. Nd2 Rc8 22. Rad1 a6 23. Bb3 Rxc3 24. h4 b5 25. h5 a5 26. Rb1 Qd7 27. Rbd1 Qc7 28. Rb1 a4 29. Bd1 Rc1 30. Rxb5 Qc6 31. Rxb7 Qxb7 32. Ne4 Qb4 33. Rf1 R1c4 34. Bf3 Nc6 35. Nf6+ Kh8 36. Ne4 Rg8 37. Bg5 Bxg5 38. Qxg5 Qe7 39. Nf6 Nd4 40. Bg4 Rg7 41. Rb1 Nc6 42. h6 Rg8 43. Rb7 Qxb7 44. Nd7 Rf4 45. Qxf4 f5 46. exf6 Qxd7 47. f7 Qe7 48. fxg8Q+ Kxg8 49. Qxa4 Nd8 50. Qc4 Qf6 51. Qc7 Qa1+ 52. Kh2 Qd4 53. a4 1-0

[Event "IECG CP.2006.P.00006 email"]
[Site "IECG email"]
[Date "2006.10.01"]
[Round "?"]
[White "Cherevko, Ivan"]
[Black "Sarosy, Zoltan L"]
[Result "0-1"]
[WhiteElo "1200"]
[BlackElo "2113"]
[PlyCount "126"]
[EventDate "2006.10.01"]
[EventType "tourn (corr)"]
[EventRounds "6"]
[SourceTitle "Corr 2011"]
[Source "ChessBase"]
[SourceDate "2010.08.31"]
[SourceVersion "1"]
[SourceVersionDate "2010.08.31"]
[SourceQuality "1"]

1. e4 c5 2. Nf3 g6 3. d4 Bg7 4. c3 cxd4 5. cxd4 d5 6. exd5 Nf6 7. Bc4 0-0 8. Nc3 Nbd7 9. d6 exd6 10. 0-0 Nb6 11. Bb3 Bf5 12. Bf4 Re8 13. a4 d5 14. Nb5 Re7 15. Re1 Rxe1+ 16. Qxe1 Nc4 17. Bxc4 dxc4 18. Nd6 Nd5 19. Be5 Bf8 20. Nxf5 gxf5 21. h3 Rc8 22. Bh2 Qd7 23. Ne5 Qe6 24. Qd2 f6 25. Nf3 Bb4 26. Qh6 Qe2 27. Rf1 Qe8 28. Nh4 f4 29. Nf5 Qg6 30. g4 Bf8 31. Qh4 Rc6 32. a5 Re6 33. Qh5 Qxh5 34. gxh5 Kf7 35. Rc1 Rc6 36. Kg2 Ke6 37. Nh4 Bb4 38. Kf3 Bxa5 39. Rc2 Bc7 40. Ng2 Kf5 41. Nh4+ Kg5 42. Ng2 b5 43. Rc1 c3 44. bxc3 a5 45. Ke4 Nxc3+ 46. Kf3 b4 47. Bxf4+ Bxf4 48. Nxf4 b3 49. d5 Rc4 50. Nd3 Kf5 51. Nb2 Rf4+ 52. Kg2 Na4 53. Nd1 b2 54. Rb1 Rb4 55. Kf1 Ke5 56. Ke2 Rb5 57. Kd2 Rxd5+ 58. Kc2 Rc5+ 59. Kd2 Rb5 60. Kc2 Ke4 61. f4 Kxf4 62. Nf2 f5 63. Nd3+ Kg3 0-1

[Event "IECG CP.2006.P.00006 email"]
[Site "IECG email"]
[Date "2006.10.01"]
[Round "?"]
[White "Sarosy, Zoltan L"]
[Black "Sen, Tuncay"]
[Result "1-0"]
[WhiteElo "2113"]
[BlackElo "1772"]
[PlyCount "59"]
[EventDate "2006.10.01"]
[EventType "tourn (corr)"]
[EventRounds "6"]
[SourceTitle "Corr 2011"]
[Source "ChessBase"]
[SourceDate "2010.08.31"]
[SourceVersion "1"]
[SourceVersionDate "2010.08.31"]
[SourceQuality "1"]

1. c4 Nf6 2. Nf3 Nc6 3. d4 e6 4. Nc3 Bb4 5. Qc2 0-0 6. a3 Bxc3+ 7. Qxc3 d5 8. Bg5 h6 9. Bh4 Ne4 10. Qd3 g5 11. Bg3 h5 12. Ne5 h4 13. f3 hxg3 14. Nxc6 Nf2 15. Nxd8 Nxd3+ 16. exd3 Rxd8 17. Rc1 gxh2 18. cxd5 Rxd5 19. Rxc7 Rxd4 20. Rxh2 Rd7 21. Rc5 f6 22. g3 b6 23. Rcc2 Ba6 24. Rh6 Rf8 25. Rch2 Bb5 26. Kd2 a5 27. Be2 e5 28. f4 gxf4 29. gxf4 exf4 30. Rh8+ 1-0

[Event "IECG CA.2006.0.00174 email"]
[Site "IECG email"]
[Date "2006.08.06"]
[Round "?"]
[White "Kirpikov, Alexander Leonidovi"]
[Black "Sarosy, Zoltan L"]
[Result "1/2-1/2"]
[WhiteElo "2008"]
[BlackElo "2113"]
[PlyCount "114"]
[EventDate "2006.08.06"]
[EventType "tourn (corr)"]
[EventRounds "6"]
[SourceTitle "Corr 2011"]
[Source "ChessBase"]
[SourceDate "2010.08.31"]
[SourceVersion "1"]
[SourceVersionDate "2010.08.31"]
[SourceQuality "1"]

1. e4 c5 2. Nf3 Nc6 3. d4 cxd4 4. Nxd4 e5 5. Nb5 d6 6. N1c3 a6 7. Na3 Be7 8. Nc4 b5 9. Ne3 Nf6 10. g3 h5 11. Bg2 h4 12. 0-0 Nd4 13. Ncd5 Nxd5 14. Nxd5 Be6 15. c3 Nc6 16. Be3 Rb8 17. a4 b4 18. Qd3 hxg3 19. hxg3 a5 20. Rfd1 Kf8 21. Rac1 Qd7 22. Nxe7 Kxe7 23. c4 Ke8 24. Qxd6 Rd8 25. Qxd7+ Rxd7 26. Rxd7 Kxd7 27. Rd1+ Kc7 28. b3 Rd8 29. Rxd8 Nxd8 30. Kf1 Nb7 31. Bf3 Kd6 32. Bd1 Nc5 33. f3 f6 34. Bc2 Bd7 35. Ke2 Bc6 36. f4 Nxe4 37. fxe5+ fxe5 38. Bb6 Nxg3+ 39. Kf2 Ne4+ 40. Ke3 Nc5 41. Bxa5 Na6 42. Bd8 Nc5 43. a5 Bb7 44. Bh4 Ne6 45. Be1 Kc5 46. Be4 Ba6 47. Kd3 Nf4+ 48. Kc2 Ne6 49. Bf2+ Kd6 50. Bd3 Nc5 51. Bf5 Bb7 52. Be1 Na6 53. Bd2 Kc7 54. Kd1 Kd6 55. Ke2 Kc5 56. Kd3 Kd6 57. Ke3 Kc5 1/2-1/2

[Event "IECG CA.2006.0.00174 email"]
[Site "IECG email"]
[Date "2006.08.06"]
[Round "?"]
[White "Sarosy, Zoltan L"]
[Black "Kulczycki, Michael"]
[Result "0-1"]
[WhiteElo "2113"]
[BlackElo "2034"]
[PlyCount "102"]
[EventDate "2006.08.06"]
[EventType "tourn (corr)"]
[EventRounds "6"]
[SourceTitle "Corr 2011"]
[Source "ChessBase"]
[SourceDate "2010.08.31"]
[SourceVersion "1"]
[SourceVersionDate "2010.08.31"]
[SourceQuality "1"]

1. Nf3 Nf6 2. c4 g6 3. d4 d6 4. Nc3 Nbd7 5. e4 e5 6. Bg5 h6 7. Bh4 exd4 8. Nxd4 Bg7 9. Be2 0-0 10. 0-0 Re8 11. f3 a6 12. a4 c6 13. a5 Qe7 14. Nc2 Nc5 15. b4 Ne6 16. Na4 Nf4 17. Nb6 Rb8 18. Qd2 g5 19. Bg3 N6h5 20. Rae1 Qe5 21. Bf2 Qc3 22. Qd1 Be6 23. g3 Nh3+ 24. Kh1 Nxf2+ 25. Rxf2 f5 26. Bf1 f4 27. g4 Nf6 28. Rd2 c5 29. Rxd6 cxb4 30. Rd3 Qe5 31. Nd5 Rbc8 32. Rb3 b5 33. axb6 a5 34. Nc7 Rxc7 35. bxc7 Rc8 36. Nd4 Rxc7 37. Nxe6 Qxe6 38. Qd8+ Ne8 39. Rd1 Bc3 40. Qa8 Rc5 41. Rd5 Qc8 42. Qxc8 Rxc8 43. Rxa5 Nd6 44. Ra6 Nxc4 45. Bxc4+ Rxc4 46. Rxh6 Kg7 47. Rd6 Kf7 48. Rd5 Bf6 49. Rdd3 Rc1+ 50. Kg2 Rc2+ 51. Rd2 Rxd2+ 0-1

[Event "IECG CA.2006.0.00174 email"]
[Site "IECG email"]
[Date "2006.08.06"]
[Round "?"]
[White "Sarosy, Zoltan L"]
[Black "Starace, Umberto"]
[Result "1-0"]
[WhiteElo "2113"]
[BlackElo "1998"]
[PlyCount "77"]
[EventDate "2006.08.06"]
[EventType "tourn (corr)"]
[EventRounds "6"]
[SourceTitle "Corr 2008"]
[Source "ChessBase"]
[SourceDate "2008.06.24"]
[SourceVersion "1"]
[SourceVersionDate "2008.06.24"]
[SourceQuality "1"]

1. Nf3 Nf6 2. c4 e6 3. g3 d5 4. Bg2 Be7 5. 0-0 0-0 6. b3 c5 7. Bb2 Nc6 8. cxd5 exd5 9. d4 b6 10. Nc3 Be6 11. e3 Rc8 12. Ne5 Re8 13. Rc1 a6 14. Ne2 Qd6 15. Nf4 Red8 16. Qe2 a5 17. Qb5 Nb8 18. Rfd1 Qc7 19. dxc5 Bxc5 20. Qe2 Qb7 21. h3 Na6 22. a3 Nb8 23. a4 Na6 24. Ned3 Be7 25. Rxc8 Qxc8 26. Bd4 Nc5 27. Rc1 Nfe4 28. Nxe6 Qxe6 29. Nf4 Qc6 30. Qb2 g5 31. Bxe4 dxe4 32. Nh5 f6 33. Nxf6+ Bxf6 34. Bxf6 Rd5 35. Bd4 Qe6 36. Bxc5 bxc5 37. Qc2 Kf7 38. Qc4 h5 39. Qb5 1-0

[Event "IECG CP.2002.Q.00012 email"]
[Site "IECG email"]
[Date "2003.10.01"]
[Round "?"]
[White "Belanoff, Stuart B"]
[Black "Sarosy, Zoltan L"]
[Result "1-0"]
[WhiteElo "2051"]
[BlackElo "2113"]
[PlyCount "27"]
[EventDate "2003.10.01"]
[EventType "tourn (corr)"]
[EventRounds "10"]
[SourceTitle "Corr 2008"]
[Source "ChessBase"]
[SourceDate "2008.06.24"]
[SourceVersion "1"]
[SourceVersionDate "2008.06.24"]
[SourceQuality "1"]

1. d4 Nf6 2. Nf3 b6 3. e3 Bb7 4. Bd3 c5 5. c4 cxd4 6. exd4 e6 7. Nc3 Be7 8. Bg5 0-0 9. Rc1 h6 10. Bxf6 Bxf6 11. 0-0 Nc6 12. Bb1 Ne7 13. Ne4 Ng6 14. Qd3 1-0

[Event "IECG CP.2002.Q.00012 email"]
[Site "IECG email"]
[Date "2003.10.01"]
[Round "?"]
[White "Sarosy, Zoltan L"]
[Black "Gerwert, Thomas"]
[Result "0-1"]
[WhiteElo "2113"]
[BlackElo "2034"]
[PlyCount "24"]
[EventDate "2003.10.01"]
[EventType "tourn (corr)"]
[EventRounds "10"]
[SourceTitle "Corr 2008"]
[Source "ChessBase"]
[SourceDate "2008.06.24"]
[SourceVersion "1"]
[SourceVersionDate "2008.06.24"]
[SourceQuality "1"]

1. Nf3 g6 2. c4 Bg7 3. Nc3 c6 4. e4 d6 5. d4 Bg4 6. Be2 Bxf3 7. Bxf3 Qb6 8. d5 Nd7 9. 0-0 Ngf6 10. Re1 0-0 11. Be2 a6 12. Rb1 Qc7 0-1

[Event "IECG WC.2006.P.00001 email"]
[Site "IECG email"]
[Date "2003.01.22"]
[Round "?"]
[White "Fineboim, Igor"]
[Black "Sarosy, Zoltan L"]
[Result "1-0"]
[WhiteElo "2158"]
[BlackElo "2130"]
[PlyCount "117"]
[EventDate "2003.01.22"]
[EventType "tourn (corr)"]
[EventRounds "10"]
[SourceTitle "Corr 2008"]
[Source "ChessBase"]
[SourceDate "2008.06.24"]
[SourceVersion "1"]
[SourceVersionDate "2008.06.24"]
[SourceQuality "1"]

1. e4 c6 2. Nf3 d5 3. Nc3 Bg4 4. h3 Bxf3 5. Qxf3 Nf6 6. d3 e6 7. Bd2 Nbd7 8. g4 Bc5 9. g5 Ng8 10. h4 Ne7 11. Bh3 d4 12. Nd1 Bd6 13. h5 c5 14. Qg4 e5 15. f3 Qc7 16. Qxd7+ Qxd7 17. Bxd7+ Kxd7 18. Nf2 Ke6 19. Ke2 f6 20. h6 g6 21. gxf6 Ng8 22. f7 Nf6 23. Nh3 Kxf7 24. f4 Nh5 25. fxe5 Ng3+ 26. Ke1 Bxe5 27. Rg1 Rhe8 28. Kf2 Nh5 29. Raf1 Kg8 30. Ke1 Re7 31. a4 Rf8 32. Rxf8+ Kxf8 33. Rf1+ Kg8 34. Ng5 Nf6 35. Ke2 Ng4 36. Nf3 Bd6 37. b4 b6 38. Rb1 Kf7 39. bxc5 bxc5 40. a5 Ke8 41. a6 Kd7 42. Bg5 Rf7 43. Rb7+ Ke8 44. Bc1 Rd7 45. Ba3 Kd8 46. Nxd4 cxd4 47. Bxd6 Rxd6 48. Rxa7 Ne5 49. Rxh7 Rxa6 50. Rg7 Ra2 51. Kd1 Ra1+ 52. Kd2 Nf3+ 53. Ke2 Ng5 54. h7 Nxh7 55. Rxh7 Ke8 56. Rc7 g5 57. Rc4 Rh1 58. Kf3 Rh2 59. Kg4 1-0

[Event "IECG WC.2006.P.00001 email"]
[Site "IECG email"]
[Date "2003.01.22"]
[Round "?"]
[White "Hamacher, Claus"]
[Black "Sarosy, Zoltan L"]
[Result "1/2-1/2"]
[WhiteElo "2117"]
[BlackElo "2130"]
[PlyCount "77"]
[EventDate "2003.01.22"]
[EventType "tourn (corr)"]
[EventRounds "10"]
[SourceTitle "Corr 2008"]
[Source "ChessBase"]
[SourceDate "2008.06.24"]
[SourceVersion "1"]
[SourceVersionDate "2008.06.24"]
[SourceQuality "1"]

1. d4 Nf6 2. c4 e6 3. g3 d5 4. Nf3 Bb4+ 5. Bd2 Be7 6. Bg2 0-0 7. 0-0 c6 8. Bf4 b6 9. Nc3 Ba6 10. cxd5 cxd5 11. Rc1 Qe8 12. Ne5 Bb7 13. Qb3 Nc6 14. Nb5 Na5 15. Qd3 Ba6 16. a4 Bb4 17. Bf3 Qe7 18. Rc2 Rfc8 19. Rfc1 Rxc2 20. Rxc2 h6 21. Qd1 Bxb5 22. axb5 Bd6 23. Qd3 Bxe5 24. Bxe5 Nc4 25. Bxf6 Qxf6 26. e4 Qg6 27. Qd1 Rd8 28. Be2 Qg5 29. h4 Qe7 30. Bxc4 dxc4 31. Rxc4 Qd7 32. Qb3 Qb7 33. f3 Qd7 34. Kg2 Qe8 35. Kf2 Qd7 36. Ke3 e5 37. d5 Qh3 38. g4 Qxh4 39. Qc3 1/2-1/2

[Event "IECG WC.2006.P.00001 email"]
[Site "IECG email"]
[Date "2003.01.22"]
[Round "?"]
[White "Sarosy, Zoltan L"]
[Black "Poblete, Litos"]
[Result "1-0"]
[WhiteElo "2130"]
[BlackElo "1293"]
[PlyCount "73"]
[EventDate "2003.01.22"]
[EventType "tourn (corr)"]
[EventRounds "10"]
[SourceTitle "Corr 2008"]
[Source "ChessBase"]
[SourceDate "2008.06.24"]
[SourceVersion "1"]
[SourceVersionDate "2008.06.24"]
[SourceQuality "1"]

1. Nf3 Nf6 2. c4 e6 3. Nc3 d5 4. d4 Be7 5. g3 0-0 6. Bg2 c6 7. 0-0 Nbd7 8. Bf4 Re8 9. Qb3 Qb6 10. Qxb6 axb6 11. Nd2 Nf8 12. a4 Ng6 13. Bc7 Bd8 14. Bxd8 Rxd8 15. e3 Bd7 16. b4 Be8 17. Rfb1 Ra7 18. b5 c5 19. dxc5 bxc5 20. a5 Ne5 21. Rd1 Rda8 22. cxd5 Rxa5 23. Rxa5 Rxa5 24. f4 Neg4 25. Nc4 Rxb5 26. Nxb5 Bxb5 27. Ra1 g6 28. Nd6 Ba6 29. dxe6 fxe6 30. e4 Ne3 31. Bh3 Kf8 32. e5 Nfg4 33. Ne4 c4 34. Nc5 Ke7 35. Nxa6 bxa6 36. Bxg4 Nxg4 37. Rxa6 1-0

[Event "IECG CP.2002.P.00096 email"]
[Site "IECG email"]
[Date "2002.10.01"]
[Round "?"]
[White "Sarosy, Zoltan L"]
[Black "Paetzold, Ortwin"]
[Result "1-0"]
[WhiteElo "2159"]
[BlackElo "1813"]
[PlyCount "35"]
[EventDate "2002.10.01"]
[EventType "tourn (corr)"]
[EventRounds "6"]
[EventCountry "NED"]
[SourceTitle "Corr 2008"]
[Source "ChessBase"]
[SourceDate "2008.06.24"]
[SourceVersion "1"]
[SourceVersionDate "2008.06.24"]
[SourceQuality "1"]

1. Nf3 Nf6 2. c4 e6 3. g3 c5 4. Bg2 Nc6 5. 0-0 b6 6. d4 Bb7 7. d5 exd5 8. cxd5 Nb4 9. e4 d6 10. a3 Na6 11. Nc3 Be7 12. e5 Nd7 13. exd6 Bxd6 14. Re1+ Kf8 15. Bg5 Qc7 16. Nb5 Qb8 17. Nxd6 Qxd6 18. Be7+ 1-0

[Event "IECG QM.2002.0.00044"]
[Site "IECG email"]
[Date "2002.02.19"]
[Round "?"]
[White "Dyakov, Alexander V"]
[Black "Sarosy, Zoltan L"]
[Result "0-1"]
[WhiteElo "2250"]
[BlackElo "2351"]
[PlyCount "93"]
[EventDate "2002.02.19"]
[EventType "tourn (corr)"]
[EventRounds "6"]
[SourceTitle "Corr 2008"]
[Source "ChessBase"]
[SourceDate "2008.06.24"]
[SourceVersion "1"]
[SourceVersionDate "2008.06.24"]
[SourceQuality "1"]

1. e4 c6 2. d4 d5 3. exd5 cxd5 4. c4 Nf6 5. Nc3 e6 6. Nf3 Bb4 7. cxd5 Nxd5 8. Bd2 Nc6 9. Bd3 0-0 10. 0-0 Be7 11. Qe2 Nf6 12. Ne4 Qb6 13. a3 Bd7 14. Rfd1 Rad8 15. b4 Nxe4 16. Qxe4 f5 17. Qe3 Bf6 18. Bc3 Ne7 19. Bc4 Kh8 20. Bb2 Nd5 21. Qb3 Bb5 22. Bxb5 Qxb5 23. Re1 Rd6 24. Rac1 Qd7 25. Rc5 b6 26. Rcc1 Rc8 27. Rxc8+ Qxc8 28. b5 a5 29. a4 Rd8 30. Rc1 Qd7 31. Rc6 Rc8 32. Qc4 Rxc6 33. Qxc6 Qxc6 34. bxc6 Kg8 35. Ba3 Kf7 36. Kf1 Ke8 37. Bd6 Nc3 38. Bc7 Nxa4 39. Ke1 Nb2 40. Kd2 Nc4+ 41. Kc3 b5 42. Ne5 Nxe5 43. dxe5 Bd8 44. Bd6 Bb6 45. f3 Kd8 46. Kb3 g5 47. Kc3 0-1

[Event "IECG QM.2002.0.00044"]
[Site "IECG email"]
[Date "2002.02.19"]
[Round "?"]
[White "Sarosy, Zoltan L"]
[Black "Dyakov, Alexander V"]
[Result "1/2-1/2"]
[WhiteElo "2351"]
[BlackElo "2250"]
[PlyCount "101"]
[EventDate "2002.02.19"]
[EventType "tourn (corr)"]
[EventRounds "6"]
[SourceTitle "Corr 2008"]
[Source "ChessBase"]
[SourceDate "2008.06.24"]
[SourceVersion "1"]
[SourceVersionDate "2008.06.24"]
[SourceQuality "1"]

1. Nf3 d5 2. c4 c6 3. d4 Nf6 4. Qc2 g6 5. e3 Bf5 6. Qb3 Qb6 7. c5 Qxb3 8. axb3 Nbd7 9. Nc3 a6 10. b4 Rd8 11. h3 Bg7 12. Bd2 Ne4 13. Rd1 Nxd2 14. Kxd2 e5 15. Kc1 0-0 16. dxe5 Nxe5 17. Nd4 Bc8 18. b3 Nd7 19. Kc2 Rde8 20. h4 Nf6 21. Be2 Bg4 22. Kd3 Bd7 23. Ra1 h5 24. Ra2 Re7 25. g3 Rfe8 26. Rd1 Ng4 27. Bxg4 Bxg4 28. Re1 Be5 29. Rb2 Kg7 30. Rd2 f6 31. Rg1 Kf7 32. Kc2 g5 33. Kd3 Rg8 34. Rh1 Bxd4 35. Kxd4 Bf3 36. Rh2 g4 37. Ra2 Rd8 38. Ra5 Kg6 39. Ra3 Kf5 40. Ra2 Rde8 41. Ra1 Re4+ 42. Nxe4 Rxe4+ 43. Kc3 Ke6 44. Ra2 d4+ 45. Kd3 Kd5 46. Ra5 f5 47. Ra4 Re8 48. Ra2 Be4+ 49. Kd2 Bf3 50. Rc2 Re4 51. Kd3 1/2-1/2

[Event "Afroatin-ch prel-5 corr"]
[Site "corr"]
[Date "1997.??.??"]
[Round "?"]
[White "Chapman, Roger"]
[Black "Sarosy, Zoltan L"]
[Result "1/2-1/2"]
[WhiteElo "2445"]
[BlackElo "2395"]
[PlyCount "102"]
[EventDate "1997.??.??"]
[EventType "tourn (corr)"]
[EventRounds "8"]
[SourceTitle "Corr 2002"]
[Source "ChessBase"]
[SourceDate "2002.05.23"]
[SourceVersion "1"]
[SourceVersionDate "2002.05.23"]
[SourceQuality "1"]

1. d4 Nf6 2. c4 e6 3. Nc3 Bb4 4. f3 d5 5. a3 Bxc3+ 6. bxc3 c5 7. cxd5 Nxd5 8. dxc5 Qa5 9. e4 Nxc3 10. Qd2 Nc6 11. Bb2 Na4 12. Bxg7 Qxd2+ 13. Kxd2 Rg8 14. Bf6 Nxc5 15. Ke3 Rg6 16. Bh4 e5 17. Rc1 b6 18. Bg3 Bb7 19. Bc4 Rd6 20. Ne2 f6 21. Nc3 Na5 22. Be2 a6 23. Rhd1 Rad8 24. Rxd6 Rxd6 25. Rd1 Rxd1 26. Nxd1 Nab3 27. Nb2 Nd4 28. Bd1 b5 29. Be1 Bc8 30. Bc3 Nc6 31. f4 exf4+ 32. Kxf4 Ne6+ 33. Ke3 Ke7 34. Nd3 a5 35. Bb3 Ned8 36. Nf4 Be6 37. Bxe6 Nxe6 38. Nd5+ Kf7 39. Nxf6 b4 40. axb4 axb4 41. Ba1 Ncd4 42. Bxd4 Nxd4 43. Nd5 Nc6 44. Kd3 Ke6 45. Ne3 Ke5 46. Nc4+ Kf4 47. Nd2 Ne5+ 48. Kd4 Nc6+ 49. Kc5 Ne7 50. Kxb4 Ke3 51. Kc3 Kf2 1/2-1/2